000 00878nam a22002657a 4500
001 6308
003 FISKH
005 20250409155610.0
008 250409b cb ||||| |||| 00| 0 eng d
020 _a9781742818870
040 _aFISKH
_beng
_cFISKH
_dFISKH
050 _aPZ7
082 _a813
100 _aAnonymous
245 _aLittle froggie's big wish /
260 _aVictoria :
_bHinkler,
_c2017.
300 _a8 unnumbered pages :
_bcolor illustrations ;
_c16 cm
505 _aE
520 _aLittle ones will love this sweet story featuring darling characters who view the world all around them with wonder. Perfect for rock-a-bye story time or tuck-me-in time, this book will remind you just how amazing young minds are.
521 8 _a180
_bLexile estimate
521 8 _aE
_bRaz-Plus
650 _aFrog
942 _2ddc
_cBK
_n0
999 _c6308
_d6308